000 00537nam a2200193 4500
999 _c12894
_d12894
003 PK-NaQUE
005 20260326105226.0
008 260326b ||||| |||| 00| 0 eng d
020 _a0810408864
020 _a978-0810408869
040 _cQUEST
082 _a621.381WIL
100 _aValkenburgh, Van
245 _aBasic Solid-State Electronics, Vol. 2
260 _aLahore:
_bSarhat Printing,
_c1979.
650 _aBasic Electronics
856 _uhttp://10.10.170.122:8080/browse/book/29407
_yDownload eBook
942 _cBK
_2ddc